000
00287nam a22001217a 4500
005
20230722104226.0
008
230722b ||||| |||| 00| 0 eng d
040
_c
AL
041
_a
eng
245
_a
Comparative study of institutionalised children
260
_c
2003
942
_2
ddc
_c
BK
999
_c
228075
_d
228075